Economic development of modern Japan
Tallennettuna:
| Päätekijä: | |
|---|---|
| Aineistotyyppi: | Kirja |
| Kieli: | Undetermined |
| Julkaistu: |
Japan
Ministry of foreign Affairs
1985
|
| Aiheet: | |
| Tagit: |
Lisää tagi
Ei tageja, Lisää ensimmäinen tagi!
|
| Thư viện lưu trữ: | Trung tâm Học liệu Trường Đại học Cần Thơ |
|---|
| LEADER | 00518nam a2200193Ia 4500 | ||
|---|---|---|---|
| 001 | CTU_85700 | ||
| 008 | 210402s9999 xx 000 0 und d | ||
| 082 | |a 338.952 | ||
| 082 | |b N163 | ||
| 100 | |a Nakamura, Takafusa | ||
| 245 | 0 | |a Economic development of modern Japan | |
| 245 | 0 | |c Takafusa Nakamura | |
| 260 | |a Japan | ||
| 260 | |b Ministry of foreign Affairs | ||
| 260 | |c 1985 | ||
| 650 | |a Economic conditions | ||
| 650 | |z Japan | ||
| 904 | |i Năm | ||
| 980 | |a Trung tâm Học liệu Trường Đại học Cần Thơ | ||